000 00869nam a22002057a 4500
003 OSt
005 20260319165654.0
008 260319b |||||||| |||| 00| 0 eng d
040 _c0
082 _aDPer 370.15 J826 October-November 2024 v.116 n.7-8
100 _aFeldon, David F.
_eauthor.
_970004
245 _aDirect Effects of Cognitive Load on Self-Efficacy During Instruction /
_cDavid F. Feldon, Rebecca Brockbank, and Kaylee Litson.
260 _aWashington D.C., USA.
_bAmerican Psychological Association
_cNovember 2024
300 _avolume 116, pages 1153-1171 :
_billustration ;
_c28cm.
500 _aJournal of Educational Psychology, vol.116, no. 7-8, pages 1153-1171 October-November 2024
700 _aFeldon, David F.
_eauthor.
_970004
700 _aBrockbank, Rebecca.
_eauthor.
_970005
700 _aLitson, Kaylee.
_eauthor.
_970006
942 _2ddc
_cPER
999 _c24433
_d24433